00448nam a2200181Ia 4500003000400000005001700004008004100021020001800062040000700080041000800087082001600095100003000111245005100141250000600192260003800198300001700236365001300253OSt20230401094754.0210423s2009 xx 000 0 und d a9788131507520 cAL aeng a658.15 MISK aMISHRA (K C);GURIA (R C). aFinancial management and insurance accounting. a2 aAustraliabCengage Learningc2009 axiii,219bPB b250cINR